000 01009cam a2200325Li 4500
001 95476
005 20230411090054.0
008 070112t20061999it f 001 m ita d
035 _a(OCoLC)ocn494132856
040 _aZWZ
_encafnor
_bfre
_cZWZ
020 _a8831772309
020 _a9788831772303
029 0 _aZWZ
_b111812313
035 _a(OCoLC)494132856
049 _aGRAL
100 1 _aMonteleone, Franco.
245 1 0 _aStoria della radio e della televisione in Italia
_h:
_bCostume, societa e politica /
_cFranco Monteleone.
250 _aSesta edizione
260 _aVenezia :
_bMarsilio,
_c2009
300 _a660 p.) ;
_c19 cm.
490 1 _aTascabili Marsilio,
_x1724-3319
610 2 7 _aRadio-televisione italiana
_y20e siáecle.
_2ram
650 7 _aMédias
_zItalie
_y20e siécle.
_2ram
650 7 _aTélévision
_zItalie
_y20e siécle.
_2ram
650 7 _aRadio
_zItalie
_y20e siáecle.
_2ram
830 0 _aTascabili Marsilio.
942 _2lcc
_cbk
994 _aC0
_bDRFGD
946 _aJP
999 _c111978
_d111978